| 000 | 01568cam a22003977a 4500 | ||
|---|---|---|---|
| 003 | CHAP | ||
| 005 | 20220329142555.0 | ||
| 008 | 011211d2001 mx ad r 00110 spa d | ||
| 010 | _a85127 | ||
| 011 | _a86099 | ||
| 035 | _a96637 | ||
| 040 | _cCHAP | ||
| 090 | _aTesis | ||
| 100 | 0 | 0 |
_aVega Gutierrez, Marco Tulio. _9118265 |
| 245 | 1 | 0 |
_aBacillus thuringiensis berliner para el control de larvas de palomilla dorso de diamante Plutella xylostella L. (Lepidoptera: Plutellidae) en brocoli _c/por Marco Tulio Vega Gutierrez |
| 260 |
_aChapingo, Méx. : _bEl autor, _c2001. |
||
| 300 |
_a72 h. : _bilus. ; cuadros |
||
| 502 | _aTesis (Ing. Agr. Esp. en Parasitología Agrícola) -- UACH. Departamento de Parasitología Agrícola | ||
| 590 |
_aALEPH _b10 _c20130110 _lUCH01 _h1444 |
||
| 590 |
_aBATCH-UPD _b10 _c20130110 _lUCH01 _h0212 |
||
| 590 |
_aBATCH-UPD _b10 _c20130110 _lUCH01 _h0744 |
||
| 590 |
_aBATCH-UPD _b10 _c20130409 _lUCH01 _h2227 |
||
| 590 |
_aBATCH-UPD _b10 _c20130410 _lUCH01 _h1249 |
||
| 590 |
_aBATCH-UPD _b10 _c20130914 _lUCH01 _h0515 |
||
| 590 |
_aCONVERSION _b10 _c20130109 _lUCH01 _h1347 |
||
| 650 | 1 | 4 |
_aBacillus thuringiensis. _99298 |
| 650 | 1 | 4 |
_aBrócoli _xPlagas _xControl. _915547 |
| 650 | 1 | 4 |
_aControl biológico de plagas. _927587 |
| 650 | 1 | 4 |
_aInsecticidas biológicos. _958883 |
| 650 | 1 | 4 |
_aPlutella xylostella. _989328 |
| 901 | _aBK | ||
| 905 | _aMarco A. Mendoza T. | ||
| 942 | _cFOLL | ||
| 949 |
_aTesis _bBC _cTES _d33724000858122 _eTS2 _fc.2 _gDonaciØn _h38837 _i96637 _si |
||
| 949 |
_aTesis _bBC _cTES _d966371 _eTS1 _gDonaciØn _h38836 _i96637 _sb |
||
| 999 |
_c85127 _d85127 |
||